Dasher D410 and D460 Display Terminals : user's manual user's manual

Publicado: Westboro (Mass.) : Data General Corporation , 1983
Descripción Física: [136] p., 6 fulls solts : il., taules, gràf. ; 28 cm

MARC

LEADER 00000nam a2200000Ia 4500
001 16823
008 160829s1983 xx 000 0 cat d
080 |a C-2-371 
245 |a Dasher D410 and D460 Display Terminals :  |b  user's manual 
250 |a 2nd ed. 
260 |a Westboro (Mass.) :  |b Data General Corporation,  |c 1983 
300 |a [136] p., 6 fulls solts :  |b  il., taules, gràf. ;  |c 28 cm 
590 |a Apèndixs.  
590 |a Glossari.  
590 |a Índex 
650 |a Ordinadors   |9 36145 
650 |a Ordinadors  |x Equip perifèric  |9 36146 
901 |a Arxiu 
942 |n 1 
952 |0 0  |1 0  |4 0  |6 C2371  |7 1  |9 47192  |a Arxiu  |b Arxiu  |d 2016-12-01  |l 0  |o C-2-371  |p 16823  |r 2016-12-01 00:00:00  |w 2016-12-01  |y ARXIU 
999 |c 50989  |d 50989